000 00383nam a2200145Ia 4500
008 100122s9999 xx 000 0 und d
082 _b59520
_a641.5
100 _aबर्वे मंगला
245 _aमेजवानी
260 _bऔदुंबर
_c2001
300 _a282
630 _aमेजवानी
730 _aमेजवानी
942 _cBOOK
999 _c435083
_d435080